000 00311nam a22001457a 4500
008 230322b ||||| |||| 00| 0 eng d
020 _a0060727853
041 _aeng
080 _a159.9
082 _a159.9ALL
100 _a25
101 _aPSI
245 _aGREAT SHORT WORKS
_cEDGAR A P
942 _2udc
_cBK
999 _c59423
_d59423